Alternating current machines. (Record no. 545490)
[ view plain ]
| 000 -LEADER | |
|---|---|
| fixed length control field | 00452cam a22001451 4500 |
| 082 ## - DEWEY DECIMAL CLASSIFICATION NUMBER | |
| Classification number | 621.3133 |
| Author Mark | MCF |
| -- | L-10, P-6 |
| 100 1# - MAIN ENTRY--PERSONAL NAME | |
| Personal name | McFarland, Thomas Clair, |
| 9 (RLIN) | 41358 |
| 245 00 - TITLE STATEMENT | |
| Title | Alternating current machines. |
| 260 ## - PUBLICATION, DISTRIBUTION, ETC. | |
| Place of publication, distribution, etc. | New York, |
| Name of publisher, distributor, etc. | D. Van Nostrand Co. |
| Date of publication, distribution, etc. | 1948. |
| 300 ## - PHYSICAL DESCRIPTION | |
| Extent | ix, 540 p. |
| Other physical details | diagrs. |
| Dimensions | 24 cm. |
| 526 ## - STUDY PROGRAM INFORMATION NOTE | |
| Program name | 0 |
| Interest level | 0 |
| Reading level | 0 |
| Title point value | 621_313300000000000_MCF |
| 650 #0 - SUBJECT ADDED ENTRY--TOPICAL TERM | |
| Topical term or geographic name entry element | Electric machinery |
| General subdivision | Alternating current. |
| 9 (RLIN) | 41180 |
| 650 #0 - SUBJECT ADDED ENTRY--TOPICAL TERM | |
| Topical term or geographic name entry element | MCE |
| 9 (RLIN) | 379 |
| 942 ## - ADDED ENTRY ELEMENTS (KOHA) | |
| Source of classification or shelving scheme | |
| Koha item type | Book |
| Withdrawn status | Lost status | Source of classification or shelving scheme | Damaged status | Not for loan | Permanent Location | Current Location | Date acquired | Total Checkouts | Full call number | Barcode | Date last seen | Price effective from | Koha item type |
|---|---|---|---|---|---|---|---|---|---|---|---|---|---|
| Military College of Engineering (MCE) | Military College of Engineering (MCE) | 05/23/2014 | 621.3133 MCF | MCE-30269 | 05/23/2014 | 05/23/2014 | Book |
